00361cam a22001097a 4500008004000000082002700040100002500067245003700092260004800129300001100177440006300188180718b1980 xxu||||| |||| 00| 0 eng d aA81x54 In2/71/7/Pt 1 A aCensus of India 1971 aHimachal Pradesh: general report aDelhibThe Controller of Publicationsc1980 a302+p. aCensus of India 1971. Series-7, Himachal Pradesh. Part I-A